000 00463nam a22001577a 4500
005 20250904010920.0
008 241021b sa ||||ed|||| 00| 1 AFR d
020 _a0909231672
_qhbk
040 _aRDA
_c3228
082 _aLP AF SPEN
100 _a Spence, Ela
_9107076
245 _aHaar tweede huweliksreis
_cEla Spence
260 _aPretoria
_bMAKRO Boeke
_c1979
300 _a216 Pages;
_c21 cm.
942 _2ddc
_cBK
_w245
_xIzakina Blanche
_y
_zCRON CRON
999 _c769157
_d769156